000 00251nam a22001217a 4500
008 170314b xxu||||| |||| 00| 0 eng d
041 _aeng
080 _a591
100 _a7
101 _ashm
245 _aTHE VERTEBRATE BODY
_cROMER
942 _2udc
_cBK
999 _c7777
_d7777